| 000 | 01238nam a2200301 c 4500 | ||
|---|---|---|---|
| 001 | 192833 | ||
| 003 | SpMaBN | ||
| 005 | 20240418063128.0 | ||
| 008 | 230530s2011 sp a | |||| 000 0 spa | ||
| 017 |
_aB 29802-2011 _bOficina Depósito Legal Barcelona |
||
| 020 | _a9788497858083 | ||
| 035 | _a(OCoLC)796346881 | ||
| 040 |
_aSpMaBN _bspa _cSpMaBN _erdc _dES-MaACL |
||
| 080 | _a930.25(460):004 | ||
| 080 | _a930.25(8=134):004 | ||
| 245 | 0 | 0 |
_aArchivos de España y América : _b25 años de tecnología al servicio de su conservación, gestión y difusión / _c[traducción, Richard-Lewis Rees] |
| 260 |
_aBarcelona ; _aMadrid : _bLunwerg, _c[2011] |
||
| 300 |
_a318 páginas : _bilustraciones (blanco y negro y color), mapas ; _c33 cm |
||
| 546 | _aTexto en español e inglés | ||
| 650 | 0 |
_aArchivos- _xTecnología de la información- _zEspaña _2embne _9226488 |
|
| 650 | 0 |
_aArchivos- _xTecnología de la información- _zAmérica Latina _2embne _9226489 |
|
| 700 | 1 |
_9235828 _aRees, Richard Lewis _etrl |
|
| 852 |
_aES-MaACL _bR. 152460 _cDEPOJ _hDonación: Editorial _jN-8467 _xCartoné _9200135 |
||
| 942 |
_cMONOGRAFIA _n0 |
||
| 999 |
_c192833 _d192833 |
||